| 000 | 01087am a2200385a 44500 | ||
|---|---|---|---|
| 003 | AR-BaBNM | ||
| 005 | 20251128211144.0 | ||
| 008 | 043020s2000 #AR|||||||||||000 | spa|| | ||
| 020 | _a987-9334-75-2 | ||
| 040 | _cAR-BaBNM | ||
| 100 | 1 | _aContursi, María Eugenia | |
| 245 | 1 | 0 |
_aLa narración _busos y teorías |
| 260 |
_aBuenos Aires _bGrupo Editorial Norma _c2000 |
||
| 300 |
_a111 p. _bgráfs. |
||
| 490 | 0 |
_aEnciclopedia Latinoamericana de Sociocultura y Comunicación _vv. 5 |
|
| 504 | _aContiene referencias bibliográficas en p.105. | ||
| 650 | 4 | _aSOCIOLINGÜISTICA | |
| 650 | 4 | _aSOCIOLOGIA CULTURAL | |
| 650 | 4 | _aDISCURSOS | |
| 650 | 4 | _aRELATO | |
| 650 | 4 | _aNARRACION | |
| 650 | 4 | _aESCRITURA | |
| 650 | 4 | _aESCRITURA HISTORICA | |
| 650 | 4 | _aETNOLINGUISTICA | |
| 650 | 4 | _aCOMUNIDAD LINGUISTICA | |
| 650 | 4 | _aCOMUNICACION VERBAL | |
| 650 | 4 | _aANALISIS LINGUISTICO | |
| 650 | 4 | _aANALISIS LITERARIO | |
| 650 | 4 | _aANALISIS SEMANTICO | |
| 653 | _aNARRATIVA | ||
| 700 | 1 | _aFerro, Fabiola | |
| 800 | 1 | _aFord, Aníbal | |
| 942 | _cBK | ||
| 998 | _cEugenia | ||
| 999 |
_c18490 _d18490 |
||